| 000 | 00845nam a2200253 i 4500 | ||
|---|---|---|---|
| 003 | DO-SdBNP | ||
| 005 | 20240412154302.0 | ||
| 007 | ta | ||
| 008 | 240412b2022 dr a|||| |||| 00| 0 spa d | ||
| 040 |
_aDO-SdBNP _bspa _cBNPHU _erda |
||
| 082 | 4 | _222 | |
| 100 | 1 |
_aRamírez, Cornelio, _eautor _985228 |
|
| 245 | 1 | 3 |
_aLa casa del merengue / _cCornelio Ramírez ; corrector de estilo, Rodolfo Báez ; editor, Leorian Ricardo |
| 264 |
_aSanto Domingo : _beditor no identificado, _c2022. |
||
| 300 |
_a10 páginas : _bilustraciones ; _c28 cm. |
||
| 336 |
_2rdacontent _atexto _btxt |
||
| 337 |
_2rdamedia _asin mediación _bn |
||
| 338 |
_2rdacarrier _avolumen _bnc |
||
| 590 | _aInventariado, 2024/BT | ||
| 700 | 1 |
_aBáez, Rodolfo, _ecorrector de estilo _945445 |
|
| 700 | 1 |
_aRicardo, Leorian, _eeditor _985229 |
|
| 910 | _aBtavárez | ||
| 942 |
_2ddc _cLF2 |
||
| 999 |
_c56388 _d56388 |
||